Famiglia, matrimonio e unioni di fatto /

Guardat en:
Dades bibliogràfiques
Autor corporatiu: Pontificio consiglio per la famiglia (Autor)
Altres autors: Lopez Trujillo, Alfonso, Gil Hellin, Francisco
Format: Llibre
Idioma:italià
Publicat: Milano : Paoline, \2000!
Col·lecció:Magistero ; 296
Matèries:
Etiquetes: Afegir etiqueta
Sense etiquetes, Sigues el primer a etiquetar aquest registre!

MARC

LEADER 00000nam a22000007i 4500
001 IT\ICCU\PAL\0190177
003 ItRI
005 20251013112306.0
008 020108s2000 it |||||| ||||| |||||c
020 |a 8831521160 
040 |b ita  |c ct 
041 7 |a ita  |2 ISO-639-2 
110 2 |a Pontificio consiglio per la famiglia  |0 IT\ICCU\IEIV\095887  |4 aut 
245 0 0 |a Famiglia, matrimonio e unioni di fatto /  |c Pontificio consiglio per la famiglia. 
260 |a Milano :  |b Paoline,  |c \2000! 
300 |a 79 p. ;  |c 17 cm. 
650 7 |a Matrimonio  |x Concezione cattolica 
700 |a Lopez Trujillo, Alfonso 
700 |a Gil Hellin, Francisco 
830 0 |a Magistero ;  |v 296  |0 IT\ICCU\PBE\0008594 
942 |2 ddc  |c BK 
952 |0 0  |1 0  |2 ddc  |4 0  |6 B_SSR03CONFAFAM11  |7 0  |9 8289  |a MI  |b MI  |d 2005-09-04  |i 4955  |l 0  |o B-SSR03-CONFA-FAM11  |p CDOM4955  |r 2025-07-17 21:50:00  |w 2025-07-17  |x DONO  |y BK 
981 1 |6 z01  |a i   |b xxxe  
982 1 |6 z01  |a n 
999 |c 6915  |d 6915